Statistics for U.S States by Third to Last Letter

Click here to take the quiz!

General Stats

  • This quiz has been taken 36 times
  • The average score is 10 of 12

Answer Stats

Letter HintAnswer% Correct
AAlabama|Colorado|Delaware|Hawaii|Idaho|Indiana|Louisiana|Maryland|Montana|
Nevada|Rhode Island
100%
IFlorida|Maine|New Hampshire|New Mexico|North Carolina|South Carolina|
Wyoming
88%
GGeorgia|Michigan|Oregon
88%
CConnecticut|Kentucky
85%
XTexas
85%
OArizona|Illinois|Iowa|Minnesota|New York|North Dakota|Oklahoma|South Dakota|
Vermont
82%
TMassachusetts|Utah|Washington
82%
SAlaska|Arkansas|Kansas|Nebraska|New Jersey|Tennessee|Wisconsin
79%
NCalifornia|Pennsylvania|Virginia|West Virginia
79%
HOhio
70%
PMississippi
67%
UMissouri
61%

Score Distribution

Percentile by Number Answered

Percent of People with Each Score

Your Score History

You have not taken this quiz